000 00290nam a2200121Ia 4500
005 20251222155102.0
008 251222s9999||||xx |||||||||||||| ||spa||
082 _aESC. 04.1
100 _aServ. Medic.Pro-V (*)
245 0 _aEl Botiquin en la Comunidad
264 _bProvida
942 _cLIB
999 _c37696
_d37696